000 00265nam a22001217a 4500
008 181107b xxu||||| |||| 00| 0 eng d
041 _aeng
080 _a101
100 _a24
101 _aFIL
245 _aElements of Philosophy
_cKattsoff,L.O
942 _2udc
_cBK
999 _c52089
_d52089